000 00375 a2200169 4500
001 191428
020 _a978-85-01-08753-9
040 _cMagnum
100 _aBerry, Steve
240 1 0 _aA busca de Carlos Magno
_lpor
245 1 0 _aA busca de Carlos Magno
300 _a614
362 0 _a2010
440 1 _aRecord
697 _aLITERATURA GERAL ESTRANGEIRA
942 _cBK
999 _c191428
_d191428